02043cam a2200361 i 450000100090000000300090000900500170001800800410003501000170007602000160009302000190010903500240012804000540015204200080020605000200021408200280023410000460026224502640030825000210057230000470059350200060064050400510064650503570069765000350105465000200108970000390110990600450114894200120119399900190120595201490122495201540137395201540152718211066USPCAS-E20180118181420.0140703s2014 ne a b 001 0 eng c a 2014397952 a0124159540  a9780124159549  a(OCoLC)ocn864034780 aUPMbengcUPMerdadYDXCPdBTCTAdIXAdUKWOHdDLC apcc00aTJ267b.D5 2014 223a621.406bDIX-F 20141 aDixon, S. L.q(Sydney Lawrence),eauthor.10aFluid mechanics and thermodynamics of turbomachinery /cS. L. Dixon, B. Eng., Ph.D., honorary senior fellow, Department of Engingeering, University of Liverpool, UK, C. A. Hall, Ph.D., university senior lecturer in turbomachinery, University of Cambridge, UK. aSeventh edition. axviii, 537 pages :billustrations ;c25 cm a. aIncludes bibliographical references and index.0 aIntroduction: basic principles -- Dimensional analysis: similitude -- Two-dimensional cascades -- Axial-flow turbines: mean-line analysis and design -- Axial-flow compressors and ducted fans -- Three-dimensional flows in axial turbomachines -- Centrifugal pumps, fans, and compressors -- Radial flow gas turbines -- Hydraulic turbines -- Wind turbines. 0aTurbomachinesxFluid dynamics. 0aThermodynamics.1 aHall, C. A.q(Cesare A.),eauthor. a7bcbccpccadapd2encipf20gy-gencatlg 2ddccBK c355992d355992 00102ddc40708NFICaCAS-EbCAS-EcDISPLAYd2016-01-29eGolden booksg9278.00l0o621.406 DIX-F 2014pCAS-E0001453r2016-01-29w2016-01-29yBK 00102ddc40708NFICaCAS-EbCAS-EcDISPLAYd2016-01-29eGolden booksg9278.00l0o621.406 DIX-F 2014pCAS-E0001454r2016-01-29tC-2w2016-01-29yBK 00102ddc40708NFICaCAS-EbCAS-EcDISPLAYd2016-01-29eGolden booksg9278.00l0o621.406 DIX-F 2014pCAS-E0001455r2016-01-29tC-3w2016-01-29yBK